000
00325nam a2200133Ia 4500
008
151001s9999||||xx |||||||||||||| ||und||
100
_a
एन आर सागर
245
_a
अंतिम अवशेष
250
_a
1
260
_b
संगीता
260
_c
1996
300
_a
60
365
_b
18
999
_c
973674
_d
973671